000 01056nam a2200241 a 4500
001 39487
003 BD-RjUL
005 20211209053012.0
008 160411s2013 bg ||||| |||| 00| 0 ben d
020 _a9789849025436
_c: Tk 400.00
035 _a(BD-RjUL)39600
040 _aBD-RjUL
_bben
_cBD-RjUL
041 _aben
082 _223
_a327.4705492
_bFEM 2013
100 _aফেরদৌস, হাসান.
_9121672
245 1 0 _aমুক্তিযুদ্ধে সোভিয়েত বন্ধুরা /
_cহাসান ফেরদৌস.
260 _aঢাকা :
_bপ্রথমা প্রকাশন,
_c২০১৩.
300 _a২৭২ পৃ. ;
_c২২ সেমি.
504 _aসহায়ক গ্রন্থ সংযুক্ত.
651 _aBangladesh
_xForeign relations
_zsoviet Union
_9121758
651 _aবাংলাদেশ- বৈদেশিক সম্পর্ক
_xবৈদেশিক সম্পর্ক
_zসোভিয়েত ইউনিয়ন
_9121950
942 _2ddc
_cBK
_02
999 _c39487
_d39487